000
00197nam a2200073Ia 4500
008
170620s9999 xx 000 0 und d
100
_a
Rawat- M. S. (Hindi)
245
0
_a
Ganit Shikshan (Hindi)
260
_b
Agra- Vinod Pustak Mandir
999
_c
23640
_d
23640